La democracia en América

Uloženo v:
Podrobná bibliografie
Hlavní autor: Tocqueville, Alexis de (Autor)
Médium: Kniha
Jazyk:španělština
Vydáno: Ciudad de México Fondo de Cultura Económica 1963
Vydání:2a. ed
Edice:Sección de Obras de Política y Derecho
Témata:
Tagy: Přidat tag
Žádné tagy, Buďte první, kdo vytvoří štítek k tomuto záznamu!

MARC

LEADER 00000cam a2200000 a 4500
001 UCT7224
003 CL-VaPUC
008 970117e19630000MX |||||||||||||||||spa|d
082 0 4 |a 321.8  |b TOC  |2 21 
100 0 |a Tocqueville, Alexis de  |e author  |9 315351 
245 1 3 |a La democracia en América 
250 |a 2a. ed 
300 |a 751 p 
942 |c BK 
945 |d 19970117 00:00:00  |a lriquelm 
260 |a Ciudad de México  |b Fondo de Cultura Económica  |c 1963 
650 0 |a Política  |9 255312 
650 7 |a SISTEMAS POLITICOS  |2 CL-VaPUC  |9 378106 
650 0 |a Democracia  |9 255256 
650 0 |a Democratización  |9 316630 
650 0 |a Libertad de prensa  |9 255610 
650 0 |a Asociaciones   |9 257659 
650 7 |a GRUPOS ETNICOS  |2 CL-VaPUC  |9 324200 
650 0 |a Leyes  |9 256670 
650 0 |a Religión   |9 255164 
651 0 |a Estados Unidos  |9 255178 
583 |a last modification  |c 20160714 12:09:22  |k Rodrigo Vera 
490 0 |a Sección de Obras de Política y Derecho 
999 |c 255880  |d 255878 
952 |0 0  |1 0  |4 0  |6 321_800000000000000_TOC_1963  |7 0  |8 A  |9 278340  |a BIBDER  |b BIBDER  |d 2019-11-19  |i 1802968  |o 321.8 TOC 1963  |p 1802968  |r 2023-01-25  |w 2019-11-19  |y BK  |k DER 
952 |0 0  |1 0  |4 0  |6 321_800000000000000_TOC_1963  |7 0  |8 A  |9 278341  |a BIBART  |b BIBART  |d 2019-11-19  |i 1204912  |o 321.8 TOC 1963  |p 1204912  |r 2025-03-13  |w 2019-11-19  |y BK  |k ART 
952 |0 0  |1 0  |3 erd  |4 0  |6 321_800000000000000_TOC_1963  |7 0  |8 A  |9 278342  |a FDOHBE  |b FDOHBE  |e Huesbe Llanos, Marco Antonio, 1934-  |i 5306841  |o 321.8 TOC 1963  |p 5306841  |r 2024-01-30  |w 2019-11-19  |y BK  |z Catalogado en:20160717  |k HBE